00785nam a22001817a 450000500170000000800410001702000180005804000070007604100080008308200220009110000210011324500410013426000320017530000330020736500620024052002790030265000220058120220712101426.0220701b ||||| |||| 00| 0 eng d a9789350133712 cAL aeng 223a361.302bKUMU aAchalendra Kumar aUPKAR'S UGC -NET/JRF/SET Social Work aAgrabUpkar Prakashanc2022 aviii,368p.bPBc24.5x17.5cm. 2Generala2475b₹260.00c₹d₹325.00e20%f29/06/2022 aReading books is a kind of enjoyment. Reading books is a good habit. We bring you a different kinds of books. You can carry this book where ever you want. It is easy to carry. It can be an ideal gift to yourself and to your loved ones. Care instruction keep away from fire.  a Social problems